01865 a2200241 45000010006000000050017000060080041000230030015000640400040000790800033001192450045001520200018001972640034002153000019002495051127002680410008013959420007014035900036014101000031014467000019014779990015014969520112015114503320260407155725.0260407a1976 arg spa dAR-UNSa-BCEJYS aAR-UNSa-BCEJYSbspacAR-UNSa-BCEJYS a330.101.541xMacroeconomía10aTeorías y problemas de Macroeconomía a968-451-276-7 1aMéxico :bMcGraw-Hillc1976 a208 p.c27 cm. a1. Introducción al análisis macroeconomico – 2. El nivel del ingreso en un modelo económico de dos sectores – 3.El multiplicador en un modelo de dos sectores – 4. El gobierno y el nivel del ingreso – 5.El sector internacional y el nivel del ingreso – 6. Multiplicadores para un modelo de economía de cuatro sectores – 7. La teoría de Keynes sobre la demanda de consumo – 8. Teorías de posguerra sobre la demanda de consumo – 9. La eficiencia marginal del capital – 10. Teorías sobre la inversión – 11. El equilibrio en los mercados de bienes – 12. El dinero y el nivel del ingreso – 13. La teoría keynesiana de la demanda de dinero – 14.El equilibrio en los mercados monetarios – 15. Teoría contemporánea de la demanda de dinero – 16. Equilibrio simultáneo en los mercados monetario y de productos – 17. La efectividad de la política monetaria y fiscal – 18. Producto de equilibrio con un mercado de trabajo – 19. El nivel de precios y el ingreso de equilibrio – 20. Determinantes del nivel de precios – 21. El gasto colectivo y el crecimiento equilibrado. aspa cBK aniveau_biblio:m niveau_hierar:01 aCárdenas Nannetti, Jorge1 aDiulio, Eugene c3884d3884 00104070aBCEJYSbBCEJYSc16d2026-04-07l0o330.101.541 D536pL39354r2026-04-07 15:57:25w2026-04-07yL